MCQs in human anatomy and physiology (Record no. 360896)

MARC details
000 -LEADER
fixed length control field 00533 a2200205 4500
005 - DATE & TIME
control field 20250505115825.0
008 - FIXED-LENGTH DATA ELEMENTS--GENERAL INFORMATION
fixed length control field 250505b |||||||| |||| 00| 0 eng d
020 ## - ISBN
International Standard Book Number 9789395039734
Price Rs. 695.00
040 ## - CATALOGING SOURCE
Original cataloging agency VIVEKANANDA LIBRARY
082 ## - DDC NUMBER
Classification number 612
Book Number P272M
100 ## - MAIN ENTRY--PERSONAL NAME
Personal name Patel, Pushpendra
245 ## - TITLE STATEMENT
Title MCQs in human anatomy and physiology
260 ## - PUBLICATION, DISTRIBUTION, ETC. (IMPRINT)
Name of publisher, distributor, etc PharmaMed Press
Date of publication, distribution, etc 2023
Place of publication, distribution, etc Hyderabad
300 ## - PHYSICAL DESCRIPTION
Pages viii, 586
650 ## - Subject
Subject Human Anatomy
650 ## - Subject
Subject Physiology
700 ## - Added Entry Personal Name
Added Entry Personal Name Janghel, Vanadana
700 ## - Added Entry Personal Name
Added Entry Personal Name Parate, Kavita
942 ## - ADDED ENTRY ELEMENTS (KOHA)
Koha item type Books
Holdings
Withdrawn status Lost status Source of classification or shelving scheme Damaged status Not for loan Location (home branch) Sublocation or collection (holding branch) Shelving location Date acquired Koha issues (times borrowed) Koha full call number Accession No. Koha date last seen Copy number Koha item type
    Dewey Decimal Classification     VIVEKANANDA LIBRARY VIVEKANANDA LIBRARY Vivekananda Library 22/01/2025   612 P272M 441774 22/01/2025 R Books
© Designed and Maintained by Vivekananda Library, MDU Rohtak